01351cam a22004334i 4500003000900000005001700009008004100026020001500067035002700082040003300109082001900142110003900161245007900200264005800279300005800337336002100395337002500416338002300441490004000464504002800504505022600532526001000758526001000768526000900778526000900787526000900796526000900805526000900814526000900823526000800832526000800840526000800848526000800856526000800864526000800872526000800880526000800888650002100896PE-LiUPU20250731180118.0150623s r 000 0 d a9243208543 a(Sirsi) i9789243208541 aPE-LiUPUbspacPE-LiUPUerda04a573.6bO652212 aOrganización Mundial de la Salud13aEl estado físico :buso e interpretación de la antropometría /cOMS. 1aGinebra :bOrganización Mundial de la Salud,c1995. a521 p. :bilustraciones, cuadros ;c24 centímetros atext2rdacontent aunmediated2rdamedia avolume2rdacarrier0 aSerie de Informes Técnicos ;v854 aIncluye bibliografía.0 aontenido: Marco Técnico. Mujeres embarazadas y mujeres lactantes. El recién nacido. Lactantes y niños. Adolescentes. Adultos con sobrepeso. Adultos delgados. Adultos de 60 o más de edad. Recomendaciones Generales. aSEG44 aSEG26 aP159 aP155 aP154 aP153 aP150 aP100 aP31 aP30 aP26 aP25 aP24 aP22 aP15 aP1004aAntropometría.